Engineering Economics and financial Accounting / (Record no. 12386)
[ view plain ]
| 000 -LEADER | |
|---|---|
| fixed length control field | 00567cam a2200193ua 4500 |
| 020 ## - INTERNATIONAL STANDARD BOOK NUMBER | |
| ISBN | 9780070581937 |
| 041 ## - LANGUAGE CODE | |
| Language code of text/sound track or separate title | eng |
| 082 ## - DEWEY DECIMAL CLASSIFICATION NUMBER | |
| Classification number | 657.834 |
| Item number | ARY/EN |
| 100 ## - MAIN ENTRY--AUTHOR NAME | |
| Personal name | Aryasri, Ramachandra A. |
| 245 ## - TITLE STATEMENT | |
| Title | Engineering Economics and financial Accounting / |
| 260 ## - PUBLICATION, DISTRIBUTION, ETC. (IMPRINT) | |
| Place of publication | New Delhi : |
| Name of publisher | Tata Mc-Graw Hill Publishing Company , |
| Year of publication | 2004. |
| 300 ## - PHYSICAL DESCRIPTION | |
| Number of Pages | 542 ; . |
| 700 1# - ADDED ENTRY--PERSONAL NAME | |
| Personal name | Ary, . |
| 700 1# - ADDED ENTRY--PERSONAL NAME | |
| Personal name | Ramamurthy, V V . |
| 942 ## - ADDED ENTRY ELEMENTS (KOHA) | |
| Koha item type | Books |
| Withdrawn status | Lost status | Damaged status | Home library | Current library | Date acquired | Full call number | Accession Number | Koha item type |
|---|---|---|---|---|---|---|---|---|
| KAUAET | KAUAET | 07/04/2012 | 657.834 ARY/EN | 20930 | Books |
